Euopean Countries 1700AD Quiz Stats

 Plays Quiz not verified by Sporcle

Score 0/20 Timer 05:00
0 Plays Today
Country/Empire % Correct
England-Scotland-Netherlands
98.5%
Spain
97.7%
France
94.7%
Portugal
93.9%
Muscovy Rus
91.6%
Sweden
87%
Habsburg
85.5%
Denmark
79.4%
Poland-Lithuania-Saxony
78.6%
Ottoman Empire
72.5%
Country/Empire % Correct
Swiss Cantons
69.5%
Venice
48.1%
Papal States
45%
Bavaria
38.2%
Tuscany
25.2%
Genoa
24.4%
Savoy
18.3%
Hanover
12.2%
Mecklenburg
8.4%
Trier
5.3%

You're not logged in!

Compare scores with friends on all Sporcle quizzes.
OR
Log In

Show Comments

Extras

Top Quizzes Today


Score Distribution

Your Account Isn't Verified!

In order to create a playlist on Sporcle, you need to verify the email address you used during registration. Go to your Sporcle Settings to finish the process.

Report this User

Report this user for behavior that violates our Community Guidelines.

Details: